000 00481nam a2200145Ia 4500
008 100204s9999 xx 000 0 und d
082 _b14148
100 _aभावे अनंत
245 _aचेंडूच्या फिरक्या
260 _b"ग्रंथघर , मुंबई"
_c1990
300 _a154
630 _aचेंडूच्या फिरक्या
730 _aचेंडूच्या फिरक्या
942 _cBOOK
999 _c458579
_d458576